00686nam a2200241 a 4500001001300000003000900013005001700022008004100039020001000080082001500090100002000105245003900125260003300164300000800197500003500205505002800240650001100268700002000279902000800299942000700307952011500314999001500429nice12345678IN_TiNIC20260116011628.0050524s0000 teha grp 000 0 per  ac10000a264.1bLEV aLevonian, Latfi aMazhab-O-Doab Religion and Prayer aTehranbMatba Brokheemc0000 a12p aincludes index and biblioraphy2 aHand Written Manuscript aPrayer1 aLevonian, Latfi bSRS cBK 001040708StackRoom-aHMIbHMId2007-07-11g100.00l0o264.1 LEVp04999r2007-07-11v100.00w2005-05-24yBK c2987d2987